00695cam a2200229 a 450000500170000000800410001701000150005802000110007303500130008403700130009704000130011008200110012310000250013424501150015926000470027427000360032130000210035750000400037865000290041865100030044770000150045020031230185550.0940308s1993 enkab b 001 0 eng  aENG-101719 c500.00 aEN-85252 bDBAD/PUB adplbEng a343.011 aShori, Surinder Paul10aMilitary laws :cby Surinder Paul Shori ; foreworded by K.C. Puriba critical appraisalof indian perspective / aPunjabbVillage Rauni, Tehsil Payal,c2010 aDistt. LudhianabPunjabe141415 a179p.c24cm (Hb) aIncludes bibliographical references 0aMilitary and defence law  aPuri, K.C.